000
00336nam a22001577a 4500
003
SGT
020
_a
9789356963788
082
_a
617
_b
M24D
100
_a
DAS, S.
245
_a
A MANUAL ON CLINICAL SURGERY
250
_a
17TH
260
_a
INDIA
_b
JAYPEE PUB
_c
2024
300
_a
707
650
_a
GENERAL SURGERY
942
_2
ddc
_c
BK
999
_c
30603
_d
30603